000 00214 a2200109 4500
020 _a9780658002601
041 _aspa
100 _aAlma Flor Ada
245 _aEl reyno de la geometria
942 _cBK
952 _74
999 _c20079
_d20079